[Event "Deutsche Ländermeisterschaft 2014"]
[Site "Hannover GER"]
[Date "2014.10.04"]
[Round "3"]
[White "Koop, Thorben"]
[Black "Mundorf, Johannes"]
[Result "1-0"]
[Termination "normal"]
[Board "1.1"]
[WhiteElo "2402"]
[BlackElo "2234"]
[WhiteClock "00:02:47"]
[BlackClock "00:02:30"]
[WhiteTeam "Niedersachsen 1"]
[BlackTeam "Nordrhein-Westfalen"]
[PlyCount "61"]
[WhiteFideId "24661619"]
[BlackFideId "24672491"]
[EventCountry "GER"]
[EventRounds "7"]
[EventType "team-swiss"]
[EventDate "2014.10.02"]

1. c4 {[%clk 1:30:22]} c5 {[%clk 1:30:41]} 2. Nf3 {[%clk 1:30:03]} g6 {[%clk
1:31:07]} 3. e3 {[%clk 1:29:50]} Bg7 {[%clk 1:31:06]} 4. d4 {[%clk 1:29:21]}
Nf6 {[%clk 1:25:39]} 5. d5 {[%clk 1:29:25]} b5 {[%clk 1:17:02]} 6. cxb5 {[%clk
1:25:21]} a6 {[%clk 1:17:23]} 7. Nc3 {[%clk 1:25:07]} O-O {[%clk 1:12:45]} 8.
b6 {[%clk 1:18:33]} Qxb6 {[%clk 1:11:01]} 9. Nd2 {[%clk 1:15:41]} d6 {[%clk
1:10:27]} 10. Be2 {[%clk 1:12:45]} Nbd7 {[%clk 0:56:05]} 11. a4 {[%clk
1:11:10]} Qc7 {[%clk 0:50:56]} 12. O-O {[%clk 1:02:20]} Bb7 {[%clk 0:46:18]}
13. Nc4 {[%clk 0:58:19]} Nb6 {[%clk 0:44:58]} 14. e4 {[%clk 0:58:14]} Nxc4
{[%clk 0:43:58]} 15. Bxc4 {[%clk 0:58:39]} Nd7 {[%clk 0:43:49]} 16. f4 Nb6
{[%clk 0:36:16]} 17. Be2 {[%clk 0:55:32]} a5 {[%clk 0:35:39]} 18. Ra3 {[%clk
0:49:53]} Ba6 {[%clk 0:32:48]} 19. Bxa6 {[%clk 0:47:23]} Rxa6 {[%clk 0:33:16]}
20. f5 {[%clk 0:43:38]} Raa8 {[%clk 0:31:03]} 21. Nb5 {[%clk 0:41:19]} Qd7
{[%clk 0:30:18]} 22. Rh3 {[%clk 0:39:38]} Rab8 {[%clk 0:22:11]} 23. Qg4 {[%clk
0:27:52]} Nxa4 {[%clk 0:17:59]} 24. Na3 {[%clk 0:26:22]} Qb7 {[%clk 0:11:57]}
25. Nc2 {[%clk 0:15:41]} Qb5 {[%clk 0:09:21]} 26. Rf2 {[%clk 0:12:01]} h5
{[%clk 0:06:15]} 27. Qg3 {[%clk 0:09:37]} Kh7 {[%clk 0:03:23]} 28. Qg5 {[%clk
0:08:29]} Qc4 {[%clk 0:03:12]} 29. g4 {[%clk 0:05:42]} Qxe4 {[%clk 0:02:05]}
30. gxh5 {[%clk 0:02:46]} Qxd5 {[%clk 0:02:30]} 31. fxg6+ {[%clk 0:02:47]} 1-0

[Event "Deutsche Ländermeisterschaft 2014"]
[Site "Hannover GER"]
[Date "2014.10.04"]
[Round "3"]
[White "Schröder, Kevin"]
[Black "Schreiner, Till"]
[Result "1/2-1/2"]
[Termination "normal"]
[Board "1.2"]
[BlackTitle "FM"]
[WhiteElo "2250"]
[BlackElo "2298"]
[WhiteClock "00:21:47"]
[BlackClock "00:19:12"]
[WhiteTeam "Nordrhein-Westfalen"]
[BlackTeam "Niedersachsen 1"]
[PlyCount "102"]
[WhiteFideId "12929840"]
[BlackFideId "24675555"]
[EventCountry "GER"]
[EventRounds "7"]
[EventType "team-swiss"]
[EventDate "2014.10.02"]

1. e4 {[%clk 1:30:54]} c6 {[%clk 1:30:52]} 2. Nc3 {[%clk 1:30:53]} d5 {[%clk
1:31:09]} 3. Qe2 {[%clk 1:31:18]} dxe4 {[%clk 1:26:43]} 4. Nxe4 {[%clk
1:31:34]} Bf5 {[%clk 1:16:37]} 5. Nf3 {[%clk 1:32:00]} e6 {[%clk 1:16:01]} 6.
g3 {[%clk 1:31:17]} Nd7 {[%clk 1:15:16]} 7. Bg2 {[%clk 1:31:18]} Ngf6 {[%clk
1:15:36]} 8. d3 {[%clk 1:27:31]} Be7 {[%clk 1:14:53]} 9. O-O {[%clk 1:27:56]}
O-O {[%clk 1:15:15]} 10. Re1 {[%clk 1:15:20]} Re8 {[%clk 1:12:14]} 11. Bf4
{[%clk 1:13:55]} Nd5 {[%clk 1:09:51]} 12. Qd2 {[%clk 1:07:06]} Nxf4 {[%clk
0:59:21]} 13. Qxf4 {[%clk 1:07:30]} Nf6 {[%clk 0:54:31]} 14. Nxf6+ {[%clk
1:06:48]} Bxf6 {[%clk 0:54:57]} 15. g4 {[%clk 1:05:53]} Bg6 {[%clk 0:55:18]}
16. h4 {[%clk 1:04:13]} h5 {[%clk 0:42:21]} 17. Ne5 {[%clk 1:00:46]} Bxe5
{[%clk 0:40:58]} 18. Rxe5 {[%clk 0:55:01]} Qxh4 {[%clk 0:33:54]} 19. Qg5 {[%clk
0:52:14]} Qxg5 {[%clk 0:34:13]} 20. Rxg5 {[%clk 0:52:41]} hxg4 {[%clk 0:33:26]}
21. Rxg4 {[%clk 0:53:09]} Rad8 {[%clk 0:30:39]} 22. a4 {[%clk 0:51:50]} e5
{[%clk 0:28:17]} 23. Re1 {[%clk 0:49:13]} Bf5 {[%clk 0:24:17]} 24. Rb4 {[%clk
0:49:00]} Re7 {[%clk 0:23:14]} 25. Rh4 {[%clk 0:44:24]} f6 {[%clk 0:20:23]} 26.
b4 {[%clk 0:44:49]} g5 {[%clk 0:19:15]} 27. Rc4 {[%clk 0:44:52]} Be6 {[%clk
0:16:03]} 28. Rc5 {[%clk 0:43:46]} Bd5 {[%clk 0:13:55]} 29. b5 {[%clk 0:43:29]}
Bxg2 {[%clk 0:12:06]} 30. Kxg2 {[%clk 0:43:55]} Rd5 {[%clk 0:12:24]} 31. Rxd5
{[%clk 0:43:07]} cxd5 {[%clk 0:12:49]} 32. c4 {[%clk 0:43:04]} dxc4 {[%clk
0:12:16]} 33. dxc4 {[%clk 0:43:33]} Rc7 {[%clk 0:10:01]} 34. Rc1 {[%clk
0:42:36]} Kf7 {[%clk 0:08:27]} 35. Kf3 {[%clk 0:42:08]} Ke6 {[%clk 0:08:38]}
36. Kg4 {[%clk 0:39:05]} Rg7 {[%clk 0:06:07]} 37. c5 {[%clk 0:37:47]} Rc7
{[%clk 0:03:47]} 38. c6 {[%clk 0:27:47]} e4 {[%clk 0:01:47]} 39. cxb7 {[%clk
0:27:12]} Rxb7 {[%clk 0:02:13]} 40. Rc8 {[%clk 0:27:04]} Re7 {[%clk 0:00:40]}
41. a5 {[%clk 0:17:02]} Rb7 {[%clk 0:29:39]} 42. Rc5 {[%clk 0:42:52]} Rb8
{[%clk 0:27:03]} 43. a6 {[%clk 0:37:43]} Rb6 {[%clk 0:26:52]} 44. Kh5 {[%clk
0:32:39]} Kd6 {[%clk 0:23:40]} 45. Rf5 {[%clk 0:32:27]} Kc7 {[%clk 0:22:50]}
46. Rd5 {[%clk 0:30:08]} Re6 {[%clk 0:21:22]} 47. Kg6 {[%clk 0:30:25]} Kb6
{[%clk 0:18:47]} 48. Kf5 {[%clk 0:26:53]} e3 {[%clk 0:18:10]} 49. fxe3 {[%clk
0:22:13]} Rxe3 {[%clk 0:18:37]} 50. Kxf6 {[%clk 0:22:06]} Rb3 {[%clk 0:18:58]}
51. Kxg5 {[%clk 0:21:47]} Rxb5 {[%clk 0:19:12]} 1/2-1/2

[Event "Deutsche Ländermeisterschaft 2014"]
[Site "Hannover GER"]
[Date "2014.10.04"]
[Round "3"]
[White "Düssler, Stefanie"]
[Black "Hecht, Carsten"]
[Result "1-0"]
[Termination "normal"]
[Board "1.3"]
[WhiteElo "2063"]
[BlackElo "2189"]
[WhiteClock "00:22:59"]
[BlackClock "00:04:38"]
[WhiteTeam "Niedersachsen 1"]
[BlackTeam "Nordrhein-Westfalen"]
[PlyCount "117"]
[WhiteFideId "4634780"]
[BlackFideId "24693928"]
[EventCountry "GER"]
[EventRounds "7"]
[EventType "team-swiss"]
[EventDate "2014.10.02"]

1. e4 {[%clk 1:30:55]} c5 {[%clk 1:30:56]} 2. Nf3 {[%clk 1:31:21]} e6 {[%clk
1:31:22]} 3. d4 {[%clk 1:31:48]} cxd4 {[%clk 1:31:47]} 4. Nxd4 {[%clk 1:32:16]}
Nc6 {[%clk 1:32:11]} 5. Nc3 {[%clk 1:32:41]} Qc7 {[%clk 1:32:38]} 6. f4 {[%clk
1:32:23]} a6 {[%clk 1:32:03]} 7. Nxc6 {[%clk 1:32:47]} bxc6 {[%clk 1:23:34]} 8.
Bd3 {[%clk 1:32:56]} d5 {[%clk 1:20:46]} 9. O-O {[%clk 1:32:14]} Nf6 {[%clk
1:19:38]} 10. Qe2 {[%clk 1:31:51]} Be7 {[%clk 1:17:37]} 11. Kh1 {[%clk
1:32:08]} O-O {[%clk 0:53:53]} 12. Bd2 {[%clk 1:18:06]} c5 {[%clk 0:44:59]} 13.
b3 {[%clk 1:14:39]} Bb7 {[%clk 0:37:31]} 14. e5 {[%clk 1:13:05]} Nd7 {[%clk
0:35:43]} 15. Rae1 {[%clk 1:00:46]} g6 {[%clk 0:34:48]} 16. Na4 {[%clk
0:58:01]} Rfe8 {[%clk 0:26:58]} 17. c4 {[%clk 0:53:57]} f5 {[%clk 0:18:13]} 18.
exf6 {[%clk 0:49:00]} Bxf6 {[%clk 0:18:31]} 19. Qg4 {[%clk 0:48:59]} Nf8 {[%clk
0:16:31]} 20. cxd5 {[%clk 0:37:34]} Bxd5 {[%clk 0:13:45]} 21. Rc1 {[%clk
0:36:38]} Bd4 {[%clk 0:11:51]} 22. Nc3 {[%clk 0:31:21]} Bb7 {[%clk 0:10:13]}
23. Bc4 {[%clk 0:26:26]} Kh8 {[%clk 0:09:01]} 24. Ne2 {[%clk 0:25:07]} Bg7
{[%clk 0:08:48]} 25. Bc3 {[%clk 0:24:40]} Rad8 {[%clk 0:08:29]} 26. Bxg7+
{[%clk 0:21:52]} Qxg7 {[%clk 0:08:10]} 27. Rcd1 {[%clk 0:21:49]} Rxd1 {[%clk
0:06:33]} 28. Rxd1 {[%clk 0:22:17]} e5 {[%clk 0:06:09]} 29. fxe5 {[%clk
0:19:44]} Qxe5 {[%clk 0:05:42]} 30. Rf1 {[%clk 0:18:41]} Ne6 {[%clk 0:04:35]}
31. Qh4 {[%clk 0:12:49]} Ng5 {[%clk 0:00:45]} 32. Nf4 {[%clk 0:09:25]} Kg7
{[%clk 0:00:46]} 33. Nh3 {[%clk 0:09:37]} h6 {[%clk 0:00:37]} 34. Nxg5 {[%clk
0:09:19]} Qxg5 {[%clk 0:01:06]} 35. Qf2 {[%clk 0:09:07]} Qe7 {[%clk 0:01:06]}
36. h3 {[%clk 0:08:57]} Rf8 {[%clk 0:00:42]} 37. Qb2+ {[%clk 0:08:07]} Kh7
{[%clk 0:01:12]} 38. Rxf8 {[%clk 0:08:14]} Qxf8 {[%clk 0:01:41]} 39. Qe5 {[%clk
0:08:14]} Bc8 {[%clk 0:00:46]} 40. Qc7+ {[%clk 0:07:07]} Kh8 {[%clk 0:01:14]}
41. Qc6 {[%clk 0:06:50]} Kg7 {[%clk 0:21:53]} 42. Bxa6 {[%clk 0:36:56]} Bxa6
{[%clk 0:21:20]} 43. Qxa6 {[%clk 0:37:19]} Qf2 {[%clk 0:21:29]} 44. Qb7+ {[%clk
0:36:43]} Kg8 {[%clk 0:21:17]} 45. Qb8+ {[%clk 0:36:41]} Kg7 {[%clk 0:17:45]}
46. Qe5+ {[%clk 0:36:49]} Kh7 {[%clk 0:16:28]} 47. a4 {[%clk 0:36:13]} h5
{[%clk 0:14:27]} 48. a5 {[%clk 0:34:41]} Qc2 {[%clk 0:08:18]} 49. Qb8 {[%clk
0:31:32]} Qf2 {[%clk 0:05:08]} 50. Kh2 {[%clk 0:31:40]} g5 {[%clk 0:04:20]} 51.
a6 {[%clk 0:28:08]} g4 {[%clk 0:04:23]} 52. Qg3 {[%clk 0:28:07]} Qa2 {[%clk
0:04:28]} 53. hxg4 {[%clk 0:27:41]} hxg4 {[%clk 0:03:50]} 54. Qh4+ {[%clk
0:27:59]} Kg7 {[%clk 0:04:16]} 55. Qxg4+ {[%clk 0:28:26]} Kf6 {[%clk 0:04:30]}
56. Qa4 {[%clk 0:23:32]} Qe2 {[%clk 0:04:29]} 57. Qc6+ {[%clk 0:23:39]} Kg7
{[%clk 0:04:39]} 58. Qc7+ {[%clk 0:23:00]} Kg6 {[%clk 0:04:38]} 59. Qg3+ {[%clk
0:22:59]} 1-0

[Event "Deutsche Ländermeisterschaft 2014"]
[Site "Hannover GER"]
[Date "2014.10.04"]
[Round "3"]
[White "Kuckling, Hannah"]
[Black "Sieber, Fiona"]
[Result "1/2-1/2"]
[Termination "normal"]
[Board "1.4"]
[WhiteElo "2024"]
[BlackElo "1942"]
[WhiteClock "00:14:16"]
[BlackClock "00:12:25"]
[WhiteTeam "Nordrhein-Westfalen"]
[BlackTeam "Niedersachsen 1"]
[PlyCount "106"]
[WhiteFideId "24603660"]
[BlackFideId "12902373"]
[EventCountry "GER"]
[EventRounds "7"]
[EventType "team-swiss"]
[EventDate "2014.10.02"]

1. e4 {[%clk 1:30:58]} c5 {[%clk 1:30:55]} 2. Nc3 {[%clk 1:31:24]} Nc6 {[%clk
1:31:19]} 3. Bb5 {[%clk 1:31:51]} Nd4 {[%clk 1:30:49]} 4. Bc4 {[%clk 1:32:14]}
g6 {[%clk 1:28:52]} 5. Nf3 {[%clk 1:32:34]} Bg7 {[%clk 1:28:14]} 6. Nxd4 {[%clk
1:32:56]} cxd4 {[%clk 1:27:39]} 7. Qf3 {[%clk 1:33:19]} Nh6 {[%clk 1:15:41]} 8.
Ne2 {[%clk 1:33:27]} O-O {[%clk 1:15:12]} 9. d3 {[%clk 1:33:51]} d6 {[%clk
1:08:25]} 10. Qg3 {[%clk 1:33:13]} e5 {[%clk 1:04:13]} 11. Bg5 {[%clk 1:27:59]}
Qa5+ {[%clk 0:59:19]} 12. Bd2 {[%clk 1:28:15]} Qb6 {[%clk 0:59:24]} 13. Bb3
{[%clk 1:28:17]} Kh8 {[%clk 0:55:56]} 14. Qh4 {[%clk 1:26:05]} Ng8 {[%clk
0:55:46]} 15. g4 {[%clk 1:20:49]} f5 {[%clk 0:48:11]} 16. gxf5 {[%clk 1:18:44]}
gxf5 {[%clk 0:48:27]} 17. Rg1 {[%clk 1:17:59]} f4 {[%clk 0:42:35]} 18. Bxf4
{[%clk 1:06:09]} exf4 {[%clk 0:39:10]} 19. Nxf4 {[%clk 1:06:34]} Rxf4 {[%clk
0:35:50]} 20. Qxf4 {[%clk 0:55:33]} Qa5+ {[%clk 0:36:02]} 21. Ke2 {[%clk
0:51:27]} Qh5+ {[%clk 0:35:29]} 22. f3 {[%clk 0:50:57]} Qh6 {[%clk 0:28:10]}
23. Rg5 {[%clk 0:48:49]} Bd7 {[%clk 0:20:34]} 24. Rag1 {[%clk 0:48:46]} Ne7
{[%clk 0:12:18]} 25. Qf7 {[%clk 0:46:58]} Ng6 {[%clk 0:11:58]} 26. Qxd7 {[%clk
0:46:54]} Qxh2+ {[%clk 0:11:09]} 27. Kd1 {[%clk 0:46:27]} Bh6 {[%clk 0:10:01]}
28. Qg4 {[%clk 0:38:48]} Bxg5 {[%clk 0:08:06]} 29. Qxg5 {[%clk 0:39:11]} Rf8
{[%clk 0:08:24]} 30. Qg3 {[%clk 0:34:46]} Qh5 {[%clk 0:07:52]} 31. Qg4 {[%clk
0:32:39]} Qh2 {[%clk 0:08:01]} 32. Qg2 {[%clk 0:20:37]} Qh5 {[%clk 0:06:29]}
33. Rh1 {[%clk 0:18:41]} Qxf3+ {[%clk 0:06:54]} 34. Qxf3 {[%clk 0:19:07]} Rxf3
{[%clk 0:07:19]} 35. Rh5 {[%clk 0:18:02]} Ne5 {[%clk 0:04:56]} 36. Rg5 {[%clk
0:16:33]} Rf8 {[%clk 0:05:20]} 37. Ke2 {[%clk 0:16:04]} h6 {[%clk 0:05:22]} 38.
Rg2 {[%clk 0:15:20]} Kh7 {[%clk 0:05:08]} 39. c3 {[%clk 0:14:33]} Ng6 {[%clk
0:04:24]} 40. Rf2 {[%clk 0:12:42]} Rxf2+ {[%clk 0:03:54]} 41. Kxf2 {[%clk
0:13:11]} Nf4 {[%clk 0:02:52]} 42. cxd4 {[%clk 0:13:18]} Nxd3+ {[%clk 0:24:42]}
43. Ke3 {[%clk 0:43:35]} Nxb2 {[%clk 0:23:38]} 44. a4 {[%clk 0:39:28]} h5
{[%clk 0:23:05]} 45. e5 {[%clk 0:25:58]} dxe5 {[%clk 0:22:20]} 46. dxe5 {[%clk
0:26:11]} Kg6 {[%clk 0:22:20]} 47. Kd4 {[%clk 0:25:26]} Kf5 {[%clk 0:17:14]}
48. Kd5 {[%clk 0:21:56]} h4 {[%clk 0:15:22]} 49. Kd6 {[%clk 0:20:51]} h3 {[%clk
0:12:16]} 50. Be6+ {[%clk 0:13:25]} Kf4 {[%clk 0:12:34]} 51. Bxh3 {[%clk
0:13:48]} Nc4+ {[%clk 0:12:36]} 52. Kc7 {[%clk 0:14:05]} Kxe5 {[%clk 0:12:52]}
53. Kxb7 {[%clk 0:14:16]} a5 {[%clk 0:12:25]} 1/2-1/2

[Event "Deutsche Ländermeisterschaft 2014"]
[Site "Hannover GER"]
[Date "2014.10.04"]
[Round "3"]
[White "Ewert, Hannes"]
[Black "Bentel, Robin"]
[Result "0-1"]
[Termination "normal"]
[Board "1.5"]
[WhiteElo "1931"]
[BlackElo "2054"]
[WhiteClock "00:32:02"]
[BlackClock "00:03:09"]
[WhiteTeam "Niedersachsen 1"]
[BlackTeam "Nordrhein-Westfalen"]
[PlyCount "76"]
[WhiteFideId "12961574"]
[BlackFideId "12918016"]
[EventCountry "GER"]
[EventRounds "7"]
[EventType "team-swiss"]
[EventDate "2014.10.02"]

1. e4 {[%clk 1:30:56]} e5 {[%clk 1:31:17]} 2. Nf3 {[%clk 1:31:09]} Nc6 3. Bc4
{[%clk 1:28:20]} Bc5 {[%clk 1:31:25]} 4. c3 {[%clk 1:28:38]} Nf6 {[%clk
1:31:24]} 5. d3 {[%clk 1:27:07]} a6 {[%clk 1:30:38]} 6. Bb3 {[%clk 1:27:22]} d6
{[%clk 1:30:58]} 7. h3 {[%clk 1:27:17]} h6 {[%clk 1:29:54]} 8. Nbd2 {[%clk
1:25:47]} Ba7 {[%clk 1:29:22]} 9. Nf1 {[%clk 1:23:36]} O-O {[%clk 1:10:16]} 10.
g4 {[%clk 1:21:57]} Ne7 {[%clk 1:04:07]} 11. Ng3 {[%clk 1:16:24]} Ng6 {[%clk
1:01:28]} 12. Nf5 {[%clk 1:14:09]} d5 {[%clk 1:00:20]} 13. Qe2 {[%clk 1:11:35]}
dxe4 {[%clk 0:50:20]} 14. dxe4 {[%clk 1:11:13]} Bxf5 {[%clk 0:49:52]} 15. exf5
{[%clk 1:10:16]} Nf4 {[%clk 0:49:29]} 16. Bxf4 {[%clk 1:09:46]} exf4 {[%clk
0:49:57]} 17. O-O {[%clk 1:09:40]} Qd6 {[%clk 0:40:47]} 18. Rad1 {[%clk
1:07:16]} Qc5 {[%clk 0:32:11]} 19. Nd4 {[%clk 1:05:14]} Rae8 {[%clk 0:29:15]}
20. Qf3 {[%clk 1:04:28]} c6 {[%clk 0:29:00]} 21. Rfe1 {[%clk 1:03:09]} Bb8
{[%clk 0:17:26]} 22. Kg2 {[%clk 0:58:07]} Nh7 {[%clk 0:15:18]} 23. h4 {[%clk
0:56:51]} Rxe1 {[%clk 0:12:54]} 24. Rxe1 {[%clk 0:57:11]} Qd6 {[%clk 0:12:59]}
25. Rd1 {[%clk 0:54:19]} Qf6 {[%clk 0:12:02]} 26. Kh3 {[%clk 0:53:38]} Bc7
{[%clk 0:09:59]} 27. Qe2 {[%clk 0:51:50]} Bd8 {[%clk 0:09:41]} 28. Nf3 {[%clk
0:52:09]} h5 {[%clk 0:09:53]} 29. Qe5 {[%clk 0:50:00]} hxg4+ {[%clk 0:09:20]}
30. Kxg4 {[%clk 0:50:20]} Qh6 {[%clk 0:08:27]} 31. Rd6 {[%clk 0:41:34]} Nf6+
{[%clk 0:07:56]} 32. Rxf6 {[%clk 0:41:06]} Qxf6 {[%clk 0:07:13]} 33. Qxf4
{[%clk 0:40:15]} g6 {[%clk 0:06:03]} 34. fxg6 {[%clk 0:37:46]} Qxg6+ {[%clk
0:06:26]} 35. Kh3 {[%clk 0:37:56]} Bf6 {[%clk 0:05:15]} 36. Qc7 {[%clk
0:33:07]} Qf5+ {[%clk 0:04:39]} 37. Kg3 {[%clk 0:33:16]} Kh8 {[%clk 0:02:55]}
38. Bxf7 {[%clk 0:32:02]} Rxf7 {[%clk 0:03:09]} 0-1

[Event "Deutsche Ländermeisterschaft 2014"]
[Site "Hannover GER"]
[Date "2014.10.04"]
[Round "3"]
[White "Baltic, Fatih"]
[Black "Bruns, Kai-Christian"]
[Result "1/2-1/2"]
[Termination "normal"]
[Board "1.6"]
[WhiteElo "1890"]
[BlackElo "1878"]
[WhiteClock "01:05:55"]
[BlackClock "00:59:29"]
[WhiteTeam "Nordrhein-Westfalen"]
[BlackTeam "Niedersachsen 1"]
[PlyCount "48"]
[WhiteFideId "12979090"]
[BlackFideId "12938025"]
[EventCountry "GER"]
[EventRounds "7"]
[EventType "team-swiss"]
[EventDate "2014.10.02"]

1. e4 {[%clk 1:30:48]} c5 {[%clk 1:30:49]} 2. Nf3 {[%clk 1:31:11]} Nc6 {[%clk
1:31:14]} 3. d4 {[%clk 1:31:31]} cxd4 {[%clk 1:31:39]} 4. Nxd4 {[%clk 1:31:50]}
g6 {[%clk 1:31:48]} 5. c4 {[%clk 1:31:41]} Bg7 {[%clk 1:32:12]} 6. Be3 {[%clk
1:30:57]} Nf6 {[%clk 1:32:28]} 7. Nc3 {[%clk 1:31:20]} d6 {[%clk 1:32:49]} 8.
f3 {[%clk 1:31:39]} O-O {[%clk 1:33:11]} 9. Qd2 {[%clk 1:31:38]} Nxd4 {[%clk
1:33:09]} 10. Bxd4 {[%clk 1:31:12]} Be6 {[%clk 1:32:35]} 11. Be2 {[%clk
1:30:51]} Nd7 {[%clk 1:32:46]} 12. Bxg7 {[%clk 1:28:56]} Kxg7 {[%clk 1:33:13]}
13. O-O {[%clk 1:28:40]} a5 {[%clk 1:31:01]} 14. Kh1 {[%clk 1:25:01]} Kg8
{[%clk 1:29:49]} 15. Nb5 {[%clk 1:24:23]} Qb6 {[%clk 1:26:11]} 16. Rac1 {[%clk
1:20:35]} Rac8 {[%clk 1:24:42]} 17. b3 {[%clk 1:20:48]} Nc5 {[%clk 1:24:11]}
18. Qe3 {[%clk 1:19:31]} Bd7 {[%clk 1:17:07]} 19. Nd4 {[%clk 1:16:53]} Ne6
{[%clk 1:13:00]} 20. Nf5 {[%clk 1:15:58]} Qxe3 {[%clk 1:13:17]} 21. Nxe3 {[%clk
1:15:47]} Bc6 {[%clk 1:10:18]} 22. Rfd1 {[%clk 1:15:19]} Kg7 {[%clk 1:07:31]}
23. Kg1 {[%clk 1:10:38]} Nc5 {[%clk 1:02:03]} 24. Kf2 {[%clk 1:05:55]} b6
{[%clk 0:59:29]} 1/2-1/2

[Event "Deutsche Ländermeisterschaft 2014"]
[Site "Hannover GER"]
[Date "2014.10.04"]
[Round "3"]
[White "ter Stal, Sven"]
[Black "Bork, Sophie"]
[Result "1-0"]
[Termination "normal"]
[Board "1.7"]
[WhiteElo "1801"]
[BlackElo "1574"]
[WhiteClock "01:31:20"]
[BlackClock "00:14:21"]
[WhiteTeam "Niedersachsen 1"]
[BlackTeam "Nordrhein-Westfalen"]
[PlyCount "97"]
[WhiteFideId "12946443"]
[BlackFideId "12905429"]
[EventCountry "GER"]
[EventRounds "7"]
[EventType "team-swiss"]
[EventDate "2014.10.02"]

1. e4 {[%clk 1:30:57]} e5 {[%clk 1:30:54]} 2. Nc3 {[%clk 1:31:22]} Nf6 {[%clk
1:31:16]} 3. f4 {[%clk 1:31:43]} d5 {[%clk 1:31:37]} 4. fxe5 {[%clk 1:32:07]}
Nxe4 {[%clk 1:31:53]} 5. Qf3 {[%clk 1:32:31]} Nxc3 {[%clk 1:30:00]} 6. dxc3
{[%clk 1:33:00]} Be6 {[%clk 1:27:38]} 7. Qg3 {[%clk 1:33:11]} Nd7 {[%clk
1:22:59]} 8. Nf3 {[%clk 1:33:16]} Qe7 {[%clk 1:20:51]} 9. Bd3 {[%clk 1:32:41]}
O-O-O {[%clk 1:10:50]} 10. O-O {[%clk 1:31:30]} h6 {[%clk 1:07:27]} 11. Be3
{[%clk 1:29:23]} Kb8 {[%clk 1:05:38]} 12. b4 {[%clk 1:28:38]} g6 {[%clk
0:58:40]} 13. Bd4 {[%clk 1:25:49]} Bg7 {[%clk 0:53:59]} 14. Nd2 {[%clk
1:23:37]} Qg5 {[%clk 0:49:50]} 15. Qf2 {[%clk 1:21:21]} a6 {[%clk 0:44:26]} 16.
Nf3 {[%clk 1:21:14]} Qe7 {[%clk 0:43:04]} 17. Qe2 {[%clk 1:20:54]} Nb6 {[%clk
0:37:35]} 18. Rab1 {[%clk 1:19:28]} Nc4 {[%clk 0:34:20]} 19. Nd2 {[%clk
1:18:45]} Nxd2 {[%clk 0:32:26]} 20. Qxd2 {[%clk 1:19:10]} Qd7 {[%clk 0:28:56]}
21. b5 {[%clk 1:18:21]} a5 {[%clk 0:27:32]} 22. b6 {[%clk 1:18:04]} c6 {[%clk
0:23:48]} 23. Qc1 {[%clk 1:17:11]} Bf8 {[%clk 0:22:36]} 24. Qe3 {[%clk
1:17:02]} Qe7 {[%clk 0:21:49]} 25. Qf4 {[%clk 1:15:27]} c5 {[%clk 0:20:30]} 26.
Bf2 {[%clk 1:15:19]} c4 {[%clk 0:19:55]} 27. Be2 {[%clk 1:15:22]} Qd7 {[%clk
0:19:23]} 28. Bd4 {[%clk 1:14:38]} Rc8 {[%clk 0:17:24]} 29. Bf3 {[%clk
1:11:56]} Bc5 {[%clk 0:15:16]} 30. Rb2 {[%clk 1:10:16]} Ba3 {[%clk 0:14:46]}
31. Rbb1 {[%clk 1:09:39]} Qc6 {[%clk 0:11:23]} 32. Bg4 {[%clk 1:09:03]} Rcf8
{[%clk 0:09:34]} 33. Qg3 {[%clk 1:08:44]} Be7 {[%clk 0:07:20]} 34. Bxe6 {[%clk
1:08:21]} Qxe6 {[%clk 0:06:27]} 35. Rb5 {[%clk 1:08:34]} a4 {[%clk 0:05:20]}
36. Qe3 {[%clk 1:04:27]} Rc8 {[%clk 0:02:07]} 37. Qf3 {[%clk 1:04:02]} Rhf8
{[%clk 0:01:54]} 38. Qxd5 {[%clk 1:02:33]} Qxd5 {[%clk 0:01:39]} 39. Rxd5
{[%clk 1:03:00]} Rc6 {[%clk 0:01:25]} 40. Rd7 {[%clk 1:02:37]} Re6 {[%clk
0:00:57]} 41. Rc7 {[%clk 1:02:53]} Rc8 {[%clk 0:25:20]} 42. Rxc8+ {[%clk
1:33:11]} Kxc8 {[%clk 0:25:28]} 43. Rxf7 {[%clk 1:33:37]} Kd8 {[%clk 0:22:09]}
44. Rh7 {[%clk 1:33:25]} h5 {[%clk 0:21:50]} 45. Rh8+ {[%clk 1:32:42]} Kd7
{[%clk 0:22:12]} 46. Rb8 {[%clk 1:32:52]} Kc6 {[%clk 0:22:21]} 47. Kf2 {[%clk
1:32:37]} a3 {[%clk 0:19:32]} 48. Rc8+ {[%clk 1:32:16]} Kd5 {[%clk 0:14:21]}
49. Rc7 {[%clk 1:31:20]} 1-0

[Event "Deutsche Ländermeisterschaft 2014"]
[Site "Hannover GER"]
[Date "2014.10.04"]
[Round "3"]
[White "Paulweber, Lara Maria"]
[Black "Mönster, Madita"]
[Result "1-0"]
[Termination "normal"]
[Board "1.8"]
[WhiteElo "1431"]
[BlackElo "1599"]
[WhiteClock "00:32:15"]
[BlackClock "00:05:47"]
[WhiteTeam "Nordrhein-Westfalen"]
[BlackTeam "Niedersachsen 1"]
[PlyCount "79"]
[WhiteFideId "12954411"]
[BlackFideId "12947156"]
[EventCountry "GER"]
[EventRounds "7"]
[EventType "team-swiss"]
[EventDate "2014.10.02"]

1. d4 {[%clk 1:30:55]} Nf6 {[%clk 1:30:49]} 2. Bf4 {[%clk 1:31:03]} e6 {[%clk
1:31:10]} 3. e3 {[%clk 1:31:11]} c5 {[%clk 1:31:19]} 4. Nf3 {[%clk 1:30:57]} d5
{[%clk 1:31:33]} 5. c3 {[%clk 1:30:39]} Bd6 {[%clk 1:31:37]} 6. Bxd6 {[%clk
1:30:10]} Qxd6 {[%clk 1:31:57]} 7. Bd3 {[%clk 1:28:56]} Nc6 {[%clk 1:31:14]} 8.
Nbd2 {[%clk 1:28:46]} O-O {[%clk 1:30:02]} 9. O-O {[%clk 1:28:24]} Rd8 {[%clk
1:27:49]} 10. Qe2 {[%clk 1:25:54]} Qe7 {[%clk 1:18:12]} 11. Rfe1 {[%clk
1:24:43]} Rb8 {[%clk 1:14:25]} 12. Rad1 {[%clk 1:24:11]} b6 {[%clk 1:08:54]}
13. Bc2 {[%clk 1:19:34]} cxd4 {[%clk 1:06:31]} 14. cxd4 {[%clk 1:19:01]} Nb4
{[%clk 1:06:15]} 15. Nb3 {[%clk 1:14:07]} Nxc2 {[%clk 1:02:50]} 16. Qxc2 {[%clk
1:13:18]} Bb7 {[%clk 1:02:10]} 17. Qd2 {[%clk 1:12:01]} Ne4 {[%clk 1:00:31]}
18. Qd3 {[%clk 1:08:12]} Rbc8 {[%clk 0:58:49]} 19. Rc1 {[%clk 1:06:33]} Nd6
{[%clk 0:57:08]} 20. Nbd2 {[%clk 1:04:26]} Rc7 {[%clk 0:56:04]} 21. Nb1 {[%clk
0:57:15]} Rdc8 {[%clk 0:54:24]} 22. Nc3 {[%clk 0:56:39]} Ne4 {[%clk 0:53:08]}
23. Re2 {[%clk 0:54:14]} Rc4 {[%clk 0:41:38]} 24. Rec2 {[%clk 0:52:47]} Ba6
{[%clk 0:38:47]} 25. Qd1 {[%clk 0:49:12]} Qc7 {[%clk 0:34:34]} 26. Qe1 {[%clk
0:47:56]} Rc6 {[%clk 0:29:33]} 27. Ne5 {[%clk 0:46:44]} Nxc3 {[%clk 0:27:27]}
28. Nxc6 {[%clk 0:42:32]} Qxc6 {[%clk 0:21:20]} 29. Rxc3 {[%clk 0:40:32]} Qd7
{[%clk 0:21:21]} 30. Rxc8+ {[%clk 0:40:47]} Bxc8 {[%clk 0:21:44]} 31. Rc3
{[%clk 0:40:05]} Ba6 {[%clk 0:21:19]} 32. Qc1 {[%clk 0:39:43]} h6 {[%clk
0:19:05]} 33. Rc7 {[%clk 0:38:17]} Qd6 {[%clk 0:15:48]} 34. Rxa7 {[%clk
0:37:43]} Bc4 {[%clk 0:15:12]} 35. b3 {[%clk 0:35:42]} Qb8 {[%clk 0:14:18]} 36.
Qa3 {[%clk 0:34:18]} Ba6 {[%clk 0:08:25]} 37. Qxa6 {[%clk 0:33:23]} Qd6 {[%clk
0:08:40]} 38. Qb7 {[%clk 0:32:16]} Kh7 {[%clk 0:06:46]} 39. Qxf7 {[%clk
0:32:15]} Qb4 {[%clk 0:05:47]} 40. Qxg7# 1-0